| 000 | 00324nam a22001337a 4500 | ||
|---|---|---|---|
| 003 | OSt | ||
| 005 | 20231124164123.0 | ||
| 008 | 231124b |||||||| |||| 00| 0 eng d | ||
| 040 | _cCO-JMCR | ||
| 082 |
_aC / _bWOLf |
||
| 100 |
_aWolf Fernández _eAutor _942937 |
||
| 245 |
_a18 de amor / _cFernández Wolf |
||
| 942 |
_2ddc _cBK |
||
| 999 |
_c30333 _d16717 |
||